Reconocimiento de los derechos de los pueblos indígenas en el Sudeste Asiático : (Record no. 192207)
[ view plain ]
| 000 -LEADER | |
|---|---|
| campo de control de longitud fija | 01326nam a2200337 i 4500 |
| 001 - NÚMERO DE CONTROL | |
| campo de control | 192207 |
| 003 - IDENTIFICADOR DE NÚMERO DE CONTROL | |
| campo de control | SpMaBN |
| 005 - FECHA Y HORA DE LA ÚLTIMA TRANSACCIÓN | |
| campo de control | 20250827062551.0 |
| 008 - DATOS DE LONGITUD FIJA--INFORMACIÓN GENERAL | |
| campo de control de longitud fija | 221119s2016 sp o000 0 spa |
| 017 ## - NÚMERO DE COPYRIGHT O DE DEPÓSITO LEGAL | |
| Número de copyright o de depósito legal | M 17456-2016 |
| Agencia que asigna | Oficina Depósito Legal Madrid |
| 020 ## - NÚMERO INTERNACIONAL ESTÁNDAR DEL LIBRO | |
| Número Internacional Estándar del Libro | 9788474767025 |
| 024 7# - IDENTIFICADOR DE OTROS ESTÁNDARES | |
| Número estándar o código | NIPO 004-16-011-5 |
| Fuente del número o código | nipo |
| 035 ## - NÚMERO DE CONTROL DEL SISTEMA | |
| Número de control de sistema | (OCoLC)962039421 |
| 040 ## - FUENTE DE CATALOGACIÓN | |
| Centro catalogador/agencia de origen | SpMaBN |
| Lengua de catalogación | spa |
| Centro/agencia transcriptor | SpMaBN |
| Normas de descripción | rdc |
| 080 ## - NÚMERO DE LA CLASIFICACIÓN DECIMAL UNIVERSAL | |
| Número de la Clasificación Decimal Universal | 342.7(=1:5-12-81) |
| 100 1# - ENTRADA PRINCIPAL--NOMBRE DE PERSONA | |
| Nombre de persona | Inguanzo Ortiz, Isabel |
| 9 (RLIN) | 234997 |
| Término indicativo de función/relación | Autor |
| 245 10 - MENCIÓN DEL TÍTULO | |
| Título | Reconocimiento de los derechos de los pueblos indígenas en el Sudeste Asiático : |
| Resto del título | un análisis comparado / |
| Mención de responsabilidad, etc. | Isabel Inguanzo Ortiz |
| 250 ## - MENCION DE EDICION | |
| Mención de edición | Primera edición, junio 2016 |
| 260 ## - PUBLICACIÓN, DISTRIBUCIÓN, ETC. | |
| Lugar de publicación, distribución, etc. | Madrid : |
| Nombre del editor, distribuidor, etc. | Centro de Investigaciones Sociológicas, |
| Fecha de publicación, distribución, etc. | 2016. |
| 300 ## - DESCRIPCIÓN FÍSICA | |
| Extensión | 326 páginas ; |
| Dimensiones | 21 cm. |
| 490 1# - MENCIÓN DE SERIE | |
| Mención de serie | Monografías ; |
| Designación de volumen o secuencia | 297 |
| 500 ## - NOTA GENERAL | |
| Nota general | Índices |
| 504 ## - NOTA DE BIBLIOGRAFÍA, ETC. | |
| Nota de bibliografía, etc. | Bibliografía: páginas [289]-302. |
| 650 #7 - PUNTO DE ACCESO ADICIONAL DE MATERIA--TÉRMINO DE MATERIA | |
| Término de materia o nombre geográfico como elemento de entrada | Pueblos indígenas- |
| Subdivisión general | Estatuto jurídico- |
| Subdivisión geográfica | Asia sudoriental |
| 9 (RLIN) | 175846 |
| 710 2# - ENTRADA AGREGADA--NOMBRE DE ENTIDAD CORPORATIVA | |
| Nombre de entidad corporativa o nombre de jurisdicción como elemento de entrada | Centro de Investigaciones Sociológicas (España) |
| 9 (RLIN) | 2708 |
| 830 00 - PUNTO DE ACCESO ADICIONAL DE SERIE-TÍTULO UNIFORME | |
| Título uniforme | Monografías (Centro de Estudios Benaventanos "Ledo del Pozo") |
| Designación de volumen o secuencia | 297 |
| 9 (RLIN) | 177262 |
| 852 4# - LOCALIZACIÓN | |
| Ubicación | ES-MaACL |
| Número de control de estantería | N-8159 |
| Sublocalización o colección | R. 152911 |
| Ubicación en estantería | Depósito J |
| Donativo/Legado | Donación: Editorial |
| itemnumber | 199489 |
| 942 ## - ELEMENTOS DE ENTRADA SECUNDARIOS (KOHA) | |
| Tipo de ítem Koha | Libro impreso |
| Suprimir en OPAC | No |
| Estatus retirado | Estado de pérdida | Fuente del sistema de clasificación o colocación | Estado de daño | No para préstamo | Biblioteca de origen | Biblioteca actual | Ubicación en estantería | Fecha de adquisición | Fuente de adquisición | Total de préstamos | Signatura topográfica completa | Código de barras | Visto por última vez | Tipo de ítem Koha |
|---|---|---|---|---|---|---|---|---|---|---|---|---|---|---|
| Clasificación decimal universal | Biblioteca del Ateneo de Madrid | Biblioteca del Ateneo de Madrid | Depósito J | 19/11/2022 | Donación | N-8159 | 1204747 | 23/02/2023 | Libro impreso |
